000 00538nam a2200217Ia 4500
005 20241129120219.0
008 241129s9999||||xx |||||||||||||| ||und||
020 _a9780451233592
037 _aTB
040 _aSDCL
_beng
_cSDCL
041 _aeng
_2eng
084 _aO-:g(R), M7
_qSDCL
100 _aRand Ayn
245 0 _aWe the Living
260 _aPenguin
_bSignet Book U S A
_c2009
300 _axiii,511p.
365 _aINR
_b499
650 _aReference
942 _cTB
_hO-:g(R), M7
999 _c1233834
_d1233834